1868 1019 1213 1751 1163 1438 1086 1914 1499 1860 1911 1945 1686 1444 1722 1101 1863 1329 1772 1437 1676 1266 1908 1913 1156 1658 1779 1259 1987 1658 1094 1296 1881 1033 1705 1589 1347 1141 1034 1660 1826 1257 1922 1068 1219 1615 1486 1271 1537 1019 1775 1622 1463 1376 1818 1688 1354 1247 1461 1183 1043 1995 1710 1897 1569 1489 1524 1466 1875 1484 1879 1336 1117 1508 1900 1259 1490 1473 1519 1447 1285 1432 1046 1797 1741 1614 1453 1853 1534 1150 1052 1376 1663 1743 1218 1269 1125 1314 1600 BCNSPRNW ULIB Ver.6.0+V

เปลี่ยนเป็นภาษาไทย

Change to English
 แสดงรายละเอียดบรรณานุกรม
  กลับหน้าหลัก

Brief Record : Get Marc (ISO 2709) : E-mail record : QR code < ปิดหน้าต่าง
LEADER : 00000nam a2200000Ia 4500
001    13399126042
003     ULIB
008    160407s2558 th 000 0 tha d
020    ^a9786165470728
040    ^absc
050  4 ^aPE1114^bส779ต
100 0  ^aสุทิน พูลสวัสดิ์
245 10 ^aเตรียมสอบ CU-TEP Chulalongkorn University Test of EnglishProficiency :^bภาษาอังกฤษเข้าจุฬาลงกรณ์มหาวิทยาลัย /^cSutinPoolsawad
246 30 ^aภาษาอังกฤษเข้าจุฬาลงกรณ์มหาวิทยาลัย
246 31 ^aChulalongkorn University Test of English Proficiency
246 31 ^aThe best test preparation for CU-TEP
250    ^aพิมพ์ครั้งที่ 6
260    ^aกรุงเทพฯ :^bศูนย์หนังสือ ที.จี.อาร์.อี,^c2558
300    ^a264 หน้า ;^c26 ซม. +^eซีดีรอม 1 แผ่น
610 24 ^aจุฬาลงกรณ์มหาวิทยาลัย^xการสอบคัดเลือก^vข้อสอบและเฉลย
650  0 ^aEnglish language^xExaminations
650  0 ^aEnglish language^vExaminations, questions, etc.
650  0 ^aEnglish language^vTextbooks for foreign speakers
650  4 ^aภาษาอังกฤษ^xการสอบ
650  4 ^aภาษาอังกฤษ^vข้อสอบและเฉลย
650  4 ^aภาษาอังกฤษ^vตำราสำหรับชนต่างชาติ
700 0  ^aSutin Poolsawad
910    ^aSend to UC
945    ^p440^l0^i25838
995    ^aกัณชพร
999    ^aกัณชพร
รายการนี้ยังไม่มีแท็ก
คุณยังไม่ได้ล็อกอิน คุณสามารถมีกิจกรรมร่วมกับเว็บไซต์ได้ แต่ต้องล็อกอินก่อน ::
  ล็อกอิน

รายการสื่อสารสนเทศ

ลำดับที่ ประเภท เลขเรียก/บาร์โค้ด สถานที่ สถานะ
1. วิทยาศาสตร์การแพทย์ และสุขภาพ
วิทยาศาสตร์การแพทย์ และสุขภาพ
PE1114 ส779ต ฉ.1 
  Barcode: 25838
ห้องสมุดวิทยาเขตสวรรค์ประชารักษ์
►หนังสือทั่วไป
บนชั้น

รายการใกล้เคียง
    ผู้แต่ง [สุทิน พูลสวัสดิ์]

BibComment


ยังไม่เคยถูกคอมเมนท์

คอมเมนท์ทรัพยากรรายการนี้
  คอมเมนท์: เตรียมสอบ CUTEP ..


 Copyright 2026. Bcnsprnw @Library